Представление документа в формате MARC21

Поле Инд. ПП Название Значение
Тип записи a
Библиографический уровень b
001 Контрольный номер RU/IS/BASE/148578273
005 Дата корректировки 20240801130326.5
084 a Индекс другой классификации/Индекс ББК 87.526р30; 60.523; 60.0
100 1_ a Автор Ионова О. Б.
245 10 a Заглавие К проблеме предмета социальной антропологии
504 a Библиография Библиогр. ссылки
650 04 a Основная рубрика высшее образование
a Основная рубрика образование
a Основная рубрика профессиональное образование
a Основная рубрика социальная антропология
a Основная рубрика философия
a Основная рубрика философская антропология (философия человека)
653 0_ a Ключевые слова общество
a Ключевые слова социальное взаимодействие
a Ключевые слова социокультурный процесс
a Ключевые слова социология культуры
700 12 a Автор Чеснокова В. Д.
773 18 t Заглавие источника Вестник Московского университета. Серия 18, Социология и политология
d Дата издания источника 2002
g Прочая информация № 4. - С. 167 - 173
w Контрольный № источника RU/IS/BASE/148578004
901 t Тип документа b